000 00688nam a2200265Ia 4500
003 OSt
005 20221006153254.0
006 a|||||r|||| 00| 0
007 ta
008 221006b |||||||| |||| 00| 0 kor d
020 _a9788934916383
_cW 11,900
024 _a31,841
037 _bGift, Korean Embassy
_cTextual
040 _aEASL
_cEASL
_bkor
041 _2kor
_akor
082 _aA, P4
100 _aLEE In-Sik
_9663245
245 0 _aYiinshike Guahaknara
260 _aSeoul
_bGimmyoungsa Korea
_c2004
300 _a335p.
_ccm.
490 _v KL
650 _aKL
942 _hA, P4
_cTEXL
_2CC
999 _c1099927
_d1099927